Welcome to CU Library Online Public Access Catalogue (OPAC)

Law for purchasing and supply (Record no. 3384)

MARC details
000 -LEADER
fixed length control field 00565nam a2200193 4500
005 - DATE AND TIME OF LATEST TRANSACTION
control field 20250203160239.0
008 - FIXED-LENGTH DATA ELEMENTS--GENERAL INFORMATION
fixed length control field 250203b |||||||| |||| 00| 0 eng d
020 ## - INTERNATIONAL STANDARD BOOK NUMBER
International Standard Book Number 0273646796
050 ## - LIBRARY OF CONGRESS CALL NUMBER
Classification number K489
Item number .56 2002
100 ## - MAIN ENTRY--PERSONAL NAME
Personal name Griffiths, Margaret, Griffiths, Ivor
245 ## - TITLE STATEMENT
Title Law for purchasing and supply
250 ## - EDITION STATEMENT
Edition statement 3rd Edition
260 ## - PUBLICATION, DISTRIBUTION, ETC.
Place of publication, distribution, etc. Harlow
Name of publisher, distributor, etc. Prentice Hall
Date of publication, distribution, etc. c2002
300 ## - PHYSICAL DESCRIPTION
Extent xlii, 336 p.;
500 ## - GENERAL NOTE
General note Includes Index
650 ## - SUBJECT ADDED ENTRY--TOPICAL TERM
Source of heading or term purchasing and supply
Geographic subdivision United Kingdom
700 ## - ADDED ENTRY--PERSONAL NAME
Personal name Griffiths, Margaret, Griffiths Ivor
942 ## - ADDED ENTRY ELEMENTS (KOHA)
Source of classification or shelving scheme Library of Congress Classification
Koha item type Books
Edition 3rd
Suppress in OPAC No
999 ## -
-- 3384
-- 3384
Holdings
Withdrawn status Lost status Source of classification or shelving scheme Damaged status Not for loan Collection Home library Current library Shelving location Date acquired Total checkouts Full call number Barcode Date last seen Price effective from Koha item type Copy number
    Library of Congress Classification     Non-fiction Law Library (Christ Temple) Law Library (Christ Temple) General stacks 03/14/2025   KD1650.G87 GRI LLCT00000491 03/14/2025 03/14/2025 Books 1
    Dewey Decimal Classification     Non-fiction Law Library (Kumasi) Law Library (Kumasi) General stacks 02/03/2025   K487.56 Gri LLK00000034 02/03/2025 02/03/2025 Books  
© 2023-2024 Copyright: Central University Libraries. All Rights Reserved | Created by: Mahone Tech Office